Cenotvorba firmy a stanovenie cenových stratégií v konkurenčnom prostredí diplomová práca

Gespeichert in:
Bibliographische Detailangaben
1. Verfasser: Rosolová, Miriama
Körperschaft: Fakulta podnikového manažmentu EU. Katedra podnikovohospodárska
Weitere Verfasser: Fendeková, Eleonora, 1952-
Format: Buch
Sprache:Slowakisch
Veröffentlicht: Bratislava 2017
Tags: Tag hinzufügen
Keine Tags, Fügen Sie das erste Tag hinzu!

MARC

LEADER 00000nbm a2200000 4500
001 0232307
005 20171030111045.2
041 0 |a slo 
044 |a SK 
245 1 0 |a Cenotvorba firmy a stanovenie cenových stratégií v konkurenčnom prostredí  |b diplomová práca  |c Miriama Rosolová ; školiteľ: Eleonora Fendeková 
264 1 |a Bratislava  |c 2017 
300 |a 84 s. 
100 1 |a Rosolová, Miriama 
700 1 |a Fendeková, Eleonora, 1952- 
710 2 |a Fakulta podnikového manažmentu EU. Katedra podnikovohospodárska